a Čína b Urbanita c Identita /

Enregistré dans:
Détails bibliographiques
Auteurs principaux: Peřinková, Martina (Auteur), Šafářová, Vendula (Auteur)
Format: Livre
Langue:tchèque
Publié: Ostrava : VŠB-TU, Ostrava, Fakulta stavební, katedra architektury, 2011
Édition:1. vyd.
Sujets:
Tags: Ajouter un tag
Pas de tags, Soyez le premier à ajouter un tag!

MARC

LEADER 00000nam a22000003a 4500
001 0015102
003 SK-STU
005 20160610093245.7
007 ta
008 160609s ----xo-----e------000-0-----d
020 |a 978-80-87378-99-1 
040 |a STU  |b slo 
041 0 |a cze 
044 |a xr 
100 1 |a Peřinková, Martina  |4 aut 
245 1 0 |a a Čína b Urbanita c Identita /  |c aut. Martina Peřinková, Vendula Šafářová 
250 |a 1. vyd. 
260 |a Ostrava :  |b VŠB-TU, Ostrava, Fakulta stavební, katedra architektury,  |c 2011 
300 |a 136 s. 
650 0 7 |a Dalian China 
650 0 7 |a kultúrne dedičstvo 
650 0 7 |a urbanizmus 
650 0 7 |a cultural heritage 
700 1 |a Šafářová, Vendula  |4 aut 
996 |b 284AU06722  |c A* 9796/U  |l AAKNAR  |s A  |a 24  |w 0015102_0001